[Event "GCT 2022 - Superbet Chess Classic"]
[Site "Bucarest"]
[Date "11.05.2022"]
[Round "6"]
[White "Dominguez Perez, Leinier"]
[Black "Deac, Bogdan-Daniel"]
[Result "1-0"]
[WhiteElo "2753"]
[BlackElo "2671"]
[EventDate "2022.05.05"]

1. e4 c5 2. Nf3 d6 3. d4 cxd4 4. Nxd4 Nf6 5. Nc3 a6 6. Be3 e5 7. Nb3 Be6 8.
f3 h5 9. Nd5 Bxd5 10. exd5 Nbd7 11. Qd2 g6 12. O-O-O Nb6 13. Kb1 Nbxd5 14.
Bg5 Be7 15. a3 Qc7 16. g3 Rd8 17. Bd3 Nb6 18. Rhe1 d5 19. Qe2 Nbd7 20. c4
O-O 21. cxd5 Nxd5 22. Bh6 Rfe8 23. Rc1 Qd6 24. h4 b5 25. Nd2 Nc5 26. Ne4
Nxe4 27. Bxe4 Qe6 28. Bc2 Bxa3 29. Bb3 Bf8 30. Bg5 Rd6 31. Red1 Qf5+ 32.
Qe4 Nb6 33. Rxd6 Bxd6 34. Rc6 Nc8 35. Rxa6 Kg7 36. Rc6 Qd7 37. Qd5 e4 38.
Be3 exf3 39. Bd4+ f6 40. Qxf3 Rf8 41. Qd5 Qe7 42. Qe6 Qd8 43. Rxc8 Qxc8 44.
Qxd6 Qd8 45. Qe6 Kh7 46. Bd5 Qe8 47. Qb6 Qd7 48. Be6 Qd8 49. Qa7+ Kh8 50.
Ka2 Qd6 51. Bb3 Qc6 52. Bc3 Qf3 53. Be6 b4 54. Bd4 Rd8 55. Bc4 Rf8 56. Be6
Rd8 57. Bc4 Rf8 58. Qe7 Ra8+ 59. Ba7 Qc6 60. Kb3 Rc8 61. Qe6 Qxe6 62. Bxe6
Rd8 63. Kxb4 Rd3 64. Bb8 Kg7 65. Kc4 Re3 66. Bd5 Re8 67. Bf4 1-0

[Event "GCT 2022 - Superbet Chess Classic"]
[Site "Bucarest"]
[Date "11.05.2022"]
[Round "6"]
[White "Caruana, Fabiano"]
[Black "Nepomniachtchi, Ian"]
[Result "1/2-1/2"]
[WhiteElo "2786"]
[BlackElo "2773"]
[EventDate "2022.05.05"]

1. e4 e5 2. Nf3 Nf6 3. Nxe5 d6 4. Nf3 Nxe4 5. d4 d5 6. Bd3 Nc6 7. O-O Be7
8. Nbd2 Bf5 9. Qe2 Nd6 10. Bxf5 Nxf5 11. Qd3 Qd7 12. Nb3 O-O 13. Nc5 Qc8
14. Bf4 Nfxd4 15. Nxd4 Bxc5 16. Nb3 Bb6 17. Qxd5 Qg4 18. Qg5 Qxg5 19. Bxg5
Rfe8 20. Rfe1 Nb4 21. Rxe8+ Rxe8 22. Bd2 Nxc2 23. Rc1 Re2 24. Rxc2 Rxf2 25.
Nc5 Bxc5 26. Rxc5 Rxd2 27. Rxc7 h5 28. Rxb7 h4 29. a4 a5 30. Rb5 f6 31. h3
Kf7 32. b3 Rb2 33. Rxa5 Rxb3 34. Rb5 Ra3 35. Rb4 g5 36. Kf2 Kg6 37. Rc4 Kf5
38. Rb4 Kg6 39. Rc4 Kf5 40. Rb4 1/2-1/2

[Event "GCT 2022 - Superbet Chess Classic"]
[Site "Bucarest"]
[Date "11.05.2022"]
[Round "6"]
[White "Mamedyarov, Shakhriyar"]
[Black "Firouzja, Alireza"]
[Result "1/2-1/2"]
[WhiteElo "2759"]
[BlackElo "2804"]
[EventDate "2022.05.05"]

1. d4 Nf6 2. c4 e6 3. Nc3 Bb4 4. Qc2 c5 5. dxc5 O-O 6. Nf3 Na6 7. g3 Nxc5
8. Bg2 Nce4 9. O-O Bxc3 10. bxc3 Qc7 11. Nd4 d5 12. cxd5 exd5 13. Bf4 Qc5
14. Rac1 Bd7 15. Nb3 Qe7 16. c4 Rac8 17. Qd3 dxc4 18. Rxc4 Rxc4 19. Qxc4
Rc8 20. Qd3 Nc3 21. Nd4 Qb4 22. Bf3 Bh3 23. Ra1 h6 24. Nf5 Bxf5 25. Qxf5
Re8 26. Be3 Qb2 27. Re1 Qxa2 28. Qc5 Nfe4 29. Qxa7 Qxa7 30. Bxa7 b5 31. Bd4
Rd8 32. e3 b4 33. Rc1 Nd2 34. Bxc3 bxc3 35. Bg4 Ne4 36. Bf5 Nd6 37. Bh3 Ne4
38. Bf5 Nd6 39. Bd3 Rc8 40. Kf1 f5 41. Ke2 Kf7 42. Kd1 Kf6 43. Ra1 Ne4 44.
f3 Nf2+ 45. Kc2 Nxd3 46. Kxd3 Ke5 47. Kc2 Rc7 48. Ra3 Rb7 49. Rxc3 Ra7 50.
Rc6 Ra2+ 51. Kd3 Ra3+ 52. Ke2 Ra2+ 53. Kf1 Rxh2 54. Rg6 h5 55. Rxg7 Kf6 56.
Rg8 Kf7 57. Rh8 Kg7 58. Kg1 Re2 59. Re8 Kf7 60. Re5 Kf6 61. f4 Kg6 62. Re8
Kg7 63. Re6 Ra2 64. Re7+ Kg6 65. Re6+ Kg7 66. e4 fxe4 67. Rxe4 Kf6 68. Re5
Kg6 69. Rg5+ Kh6 70. Kf1 Rb2 71. Re5 Kg6 72. Re2 Rb4 73. Rh2 Rb3 74. Kg2
Rb2+ 75. Kh3 Rb1 76. Ra2 Rh1+ 77. Kg2 Rb1 78. Ra6+ Kg7 79. Ra3 Kg6 80. Kf3
Rf1+ 81. Kg2 Rb1 82. Ra6+ Kg7 83. Re6 Ra1 84. Kf2 Rb1 85. Re1 Rb2+ 86. Kf3
Kf6 87. Re5 Kg6 88. Re6+ Kg7 89. f5 Rb4 90. Re4 Rb6 91. Rh4 Kh6 92. Kf4
Rb4+ 93. Ke5 Rb5+ 94. Kf4 Rb4+ 95. Ke5 Rb5+ 96. Kf4 1/2-1/2

[Event "GCT 2022 - Superbet Chess Classic"]
[Site "Bucarest"]
[Date "12.05.2022"]
[Round "7"]
[White "Deac, Bogdan-Daniel"]
[Black "So, Wesley"]
[Result "1/2-1/2"]
[WhiteElo "2671"]
[BlackElo "2776"]
[EventDate "2022.05.05"]

1. d4 d5 2. Nf3 Nf6 3. c4 dxc4 4. e3 e6 5. Bxc4 a6 6. O-O c5 7. b3 cxd4 8.
Nxd4 Be7 9. Bb2 O-O 10. Be2 b5 11. a4 bxa4 12. Rxa4 Bb7 13. Bf3 Bxf3 14.
Qxf3 Ra7 15. Rc1 Rc7 16. Rac4 Rxc4 17. Rxc4 Qd7 18. h3 Rc8 19. Nd2 Rxc4 20.
Nxc4 Qd5 21. Qg3 Qb7 22. Na5 Qb6 23. Nc4 Qb7 24. Na5 Qb6 25. Nc4 1/2-1/2

[Event "GCT 2022 - Superbet Chess Classic"]
[Site "Bucarest"]
[Date "12.05.2022"]
[Round "7"]
[White "Aronian, Levon"]
[Black "Caruana, Fabiano"]
[Result "1/2-1/2"]
[WhiteElo "2765"]
[BlackElo "2786"]
[EventDate "2022.05.05"]

1. e4 e5 2. Bc4 Nf6 3. d3 c6 4. Nf3 d5 5. Bb3 Bb4+ 6. Bd2 Bxd2+ 7. Nbxd2 a5
8. c3 Nbd7 9. O-O dxe4 10. Ng5 O-O 11. Ngxe4 Nxe4 12. Nxe4 Nf6 13. Ng3 Re8
14. Re1 Qd6 15. h3 Be6 16. Ne4 Nxe4 17. dxe4 Rad8 18. Qxd6 Rxd6 19. Rad1
Red8 20. Rxd6 Rxd6 21. Bxe6 fxe6 22. Kf1 Rd2 23. Re2 Rd1+ 24. Re1 Rd2 25.
Re2 Rd1+ 26. Re1 1/2-1/2

[Event "GCT 2022 - Superbet Chess Classic"]
[Site "Bucarest"]
[Date "12.05.2022"]
[Round "7"]
[White "Firouzja, Alireza"]
[Black "Dominguez Perez, Leinier"]
[Result "1-0"]
[WhiteElo "2804"]
[BlackElo "2753"]
[EventDate "2022.05.05"]

1. d4 Nf6 2. c4 e6 3. Nc3 Bb4 4. e3 O-O 5. Bd3 d5 6. cxd5 exd5 7. a3 Bd6 8.
Qc2 c6 9. Nge2 Re8 10. Bd2 b6 11. f3 c5 12. g4 c4 13. Bf5 Bxf5 14. Qxf5 g6
15. Qg5 Nc6 16. O-O Bf8 17. Qh4 h6 18. Rad1 b5 19. Qf2 Qd7 20. Qg2 Bg7 21.
h4 Ne7 22. Nf4 a5 23. Nce2 Qb7 24. g5 hxg5 25. hxg5 Nd7 26. Kf2 b4 27. Rh1
Nf5 28. Qh3 Ne7 29. Ng3 Ra6 30. axb4 axb4 31. Bxb4 Qxb4 32. Qxd7 Raa8 33.
Nfe2 Rad8 34. Qg4 Qxb2 35. Qf4 Nc6 36. Rh7 Re6 37. Qh4 Nxd4 38. Rxg7+ Kxg7
39. Qxd4+ Qxd4 40. Rxd4 Red6 41. Nc3 f6 42. gxf6+ Kxf6 43. Nge2 Ke5 44. Rg4
Rg8 45. Nd4 Rd7 46. Rg5+ Kf6 47. f4 Rgd8 48. Re5 Kf7 49. Rg5 Rh8 50. Nf3
Kg7 51. Rg1 Rb7 52. Ra1 Rd8 53. Nd4 Rdd7 54. Ra5 g5 55. f5 Rb2+ 56. Kf3 Rd2
57. Nxd5 c3 58. Ne6+ 1-0

[Event "GCT 2022 - Superbet Chess Classic"]
[Site "Bucarest"]
[Date "12.05.2022"]
[Round "7"]
[White "Nepomniachtchi, Ian"]
[Black "Mamedyarov, Shakhriyar"]
[Result "0-1"]
[WhiteElo "2773"]
[BlackElo "2759"]
[EventDate "2022.05.05"]

1. e4 e5 2. Nf3 Nc6 3. Bc4 Bc5 4. O-O Nf6 5. d3 O-O 6. c3 d5 7. exd5 Nxd5
8. Re1 Bg4 9. Nbd2 Nb6 10. h3 Bh5 11. Bb3 Kh8 12. Ne4 Nd7 13. Ng3 Bxf3 14.
Qxf3 f5 15. d4 exd4 16. Bf4 dxc3 17. bxc3 g5 18. Be3 Bxe3 19. fxe3 Nde5 20.
Qh5 Qf6 21. Rf1 Qg6 22. Qe2 a6 23. Bc2 Ne7 24. Rf2 Rf7 25. Raf1 Raf8 26.
Bb3 Rf6 27. Nh5 Rd6 28. g4 Rd3 29. Bc2 Rxc3 30. Bxf5 Nxf5 31. Rxf5 Rxf5 32.
Rxf5 Rc1+ 33. Kf2 Qd6 34. Qb2 Rc5 35. Kg2 h6 36. Rf6 Qd1 37. Rf2 Qd5+ 38.
Kh2 Qd6 39. Ng3 Rb5 40. Qc2 Rd5 41. Kg2 Nd3 42. Qc3+ Qe5 43. Qa3 c5 44. Re2
Kh7 45. Qa4 Qe6 46. Qc2 b5 47. Nh5 Rd6 48. Re1 Qc4 49. Qb1 Qb4 50. Qxb4
Nxb4 51. Rf1 c4 52. e4 c3 53. e5 Rc6 54. Rf7+ Kg8 55. Rd7 c2 56. e6 Rxe6
0-1

[Event "GCT 2022 - Superbet Chess Classic"]
[Site "Bucarest"]
[Date "12.05.2022"]
[Round "7"]
[White "Rapport, Richard"]
[Black "Vachier-Lagrave, Maxime"]
[Result "0-1"]
[WhiteElo "2776"]
[BlackElo "2750"]
[EventDate "2022.05.05"]

1. Nf3 d5 2. d4 Nf6 3. c4 dxc4 4. e3 e6 5. Bxc4 a6 6. Bb3 c5 7. Nc3 b5 8.
e4 Bb7 9. d5 c4 10. Bc2 Nbd7 11. O-O Qc7 12. dxe6 fxe6 13. Ng5 Nc5 14. e5
Qxe5 15. Re1 Qd6 16. Qxd6 Bxd6 17. Be3 O-O 18. Rad1 Be7 19. Bxc5 Bxc5 20.
Nxe6 Rfc8 21. a3 Rab8 22. h3 Bb6 23. g4 Re8 24. Kf1 Re7 25. f4 Rbe8 26. f5
Ba5 27. Re5 Nd7 28. Nd5 Nxe5 0-1

[Event "GCT 2022 - Superbet Chess Classic"]
[Site "Bucarest"]
[Date "13.05.2022"]
[Round "8"]
[White "So, Wesley"]
[Black "Firouzja, Alireza"]
[Result "1/2-1/2"]
[WhiteElo "2776"]
[BlackElo "2804"]
[EventDate "2022.05.05"]

1. d4 Nf6 2. c4 g6 3. Nc3 Bg7 4. e4 d6 5. Nf3 O-O 6. Be2 e5 7. dxe5 dxe5 8.
Qxd8 Rxd8 9. Bg5 Re8 10. Nd5 Nxd5 11. cxd5 c6 12. Bc4 b5 13. Bb3 a5 14. a4
bxa4 15. Bxa4 Bd7 16. dxc6 Bxc6 17. Ke2 Bxa4 18. Rxa4 Nc6 19. Rc1 Nd4+ 20.
Kf1 Rab8 21. Rb1 Rb5 22. Nxd4 exd4 23. Bd2 d3 24. Rxa5 Rxb2 25. Rxb2 Bxb2
26. Rd5 Rxe4 27. Rxd3 Rd4 28. Ke2 Rxd3 29. Kxd3 f5 30. f3 Kf7 31. h3 h5 32.
g4 fxg4 33. fxg4 hxg4 34. hxg4 Bf6 35. Be3 Be7 36. Bd2 Bf6 37. Be3 Be7 38.
Bd2 1/2-1/2

[Event "GCT 2022 - Superbet Chess Classic"]
[Site "Bucarest"]
[Date "13.05.2022"]
[Round "8"]
[White "Nepomniachtchi, Ian"]
[Black "Aronian, Levon"]
[Result "1/2-1/2"]
[WhiteElo "2773"]
[BlackElo "2765"]
[EventDate "2022.05.05"]

1. e4 e5 2. Nf3 Nc6 3. Bc4 Bc5 4. c3 Nf6 5. d3 O-O 6. O-O d5 7. exd5 Nxd5
8. Re1 Bg4 9. Nbd2 Nb6 10. h3 Bh5 11. Bb3 Qxd3 12. Nxe5 Qf5 13. Nef3 Rad8
14. Qe2 Nd5 15. Qe4 Qxe4 16. Nxe4 Be7 17. Rd1 Nf6 18. Nxf6+ Bxf6 19. g4
Rxd1+ 20. Bxd1 Bg6 21. Bf4 Nb4 22. cxb4 Bxb2 23. Rc1 Bxc1 24. Bxc1 Rd8 25.
Be2 Bd3 26. Kf1 Rd5 27. Be3 a5 28. a3 axb4 29. axb4 Bxe2+ 30. Kxe2 f6 31.
Nd4 Kf7 32. Kd3 h5 33. Kc4 c6 34. b5 hxg4 35. hxg4 Ke8 36. b6 Kd7 37. Nb3
Rd1 38. Nc5+ Kc8 39. Bf4 Rg1 40. Bg3 Rc1+ 41. Kd4 Rd1+ 42. Nd3 Ra1 43. Bd6
Ra6 44. Bf8 Ra4+ 45. Bb4 Ra6 46. Kc5 Ra1 47. Kd4 Ra6 48. Bf8 Ra4+ 49. Nb4
Kd7 50. f3 g6 51. Bc5 Ke6 52. Kc4 f5 53. g5 f4 54. Bd4 Kd6 55. Bg7 Kd7 56.
Be5 c5 57. Kxc5 Ra3 58. Nd5 Rxf3 59. Nxf4 Rf1 60. Kd5 Rf3 61. Bc7 Rg3 62.
Ne6 Rg1 63. Nc5+ Kc8 64. Ne4 Rd1+ 65. Ke5 Re1 66. Kf4 Kd7 67. Nd6 Kc6 68.
Nc4 Rf1+ 69. Ke4 Re1+ 70. Kd4 Kb5 71. Nd6+ Kc6 72. Nf7 Kd7 73. Ne5+ Ke6 74.
Nxg6 Kf5 75. Ne5 Rd1+ 76. Kc5 Kxg5 77. Nf7+ Kf6 78. Nd6 Rc1+ 79. Kb5 Rb1+
80. Ka4 Ra1+ 81. Kb3 Ke6 82. Nxb7 Rc1 83. Kb4 Rxc7 84. Nc5+ Kd6 85. bxc7
Kxc7 1/2-1/2

[Event "GCT 2022 - Superbet Chess Classic"]
[Site "Bucarest"]
[Date "13.05.2022"]
[Round "8"]
[White "Vachier-Lagrave, Maxime"]
[Black "Deac, Bogdan-Daniel"]
[Result "1/2-1/2"]
[WhiteElo "2750"]
[BlackElo "2671"]
[EventDate "2022.05.05"]

1. e4 e5 2. Nf3 Nf6 3. Nxe5 d6 4. Nf3 Nxe4 5. d4 d5 6. Bd3 Bd6 7. O-O O-O
8. c4 c6 9. Re1 Bf5 10. Qb3 Qd7 11. Be3 dxc4 12. Bxc4 Na6 13. Ne5 Qc7 14.
Nc3 Nxc3 15. bxc3 b5 16. Bf1 Nc5 17. Qd1 Be6 18. Bf4 Nd7 19. Bd3 Nxe5 20.
dxe5 Be7 21. Qf3 Rad8 22. a4 a6 23. h4 Qc8 24. Be4 Bd5 25. h5 Qe6 26. Bxd5
Rxd5 27. axb5 axb5 28. Ra6 h6 29. g3 f6 30. Qe4 fxe5 31. Bxe5 Bc5 32. Bf4
Qxe4 33. Rxe4 Rxh5 34. Rxc6 Rd5 35. Kg2 Rf7 36. f3 Be7 37. Rd4 Rdf5 38. Rd7
Bg5 39. Rc8+ Kh7 40. Rxf7 Rxf7 41. Bxg5 hxg5 42. Rc5 g4 43. f4 Rd7 44. Rh5+
Kg8 45. Rxb5 Rd2+ 46. Kf1 Rd3 47. Kf2 Rf3+ 48. Kg2 Rxc3 49. Rg5 Rc2+ 50.
Kf1 Kf7 51. Rxg4 Rc5 52. Kg2 g5 53. Rxg5 Rxg5 54. fxg5 Kg6 55. Kf2 Kxg5 56.
g4 Kxg4 1/2-1/2

[Event "GCT 2022 - Superbet Chess Classic"]
[Site "Bucarest"]
[Date "13.05.2022"]
[Round "8"]
[White "Caruana, Fabiano"]
[Black "Rapport, Richard"]
[Result "1/2-1/2"]
[WhiteElo "2786"]
[BlackElo "2776"]
[EventDate "2022.05.05"]

1. e4 c5 2. Nf3 e6 3. d4 cxd4 4. Nxd4 Nf6 5. Nc3 Nc6 6. Nxc6 bxc6 7. e5 Nd5
8. Ne4 Bb7 9. c4 Nb4 10. c5 Qb8 11. f4 Ba6 12. Be2 Bxe2 13. Qxe2 Qb5 14.
Qxb5 cxb5 15. Ke2 Nd5 16. Bd2 a5 17. Rhc1 Be7 18. Nc3 Nc7 19. Be3 Ra6 20.
a3 f5 21. b4 Kf7 22. Rd1 axb4 23. axb4 Rb8 24. Rxa6 Nxa6 25. Rxd7 Nxb4 26.
Rc7 Ke8 27. c6 Bd8 28. Rxg7 Nxc6 29. Rxh7 b4 30. Na4 b3 31. Nb2 Nb4 32. Bd2
Nd5 33. Kd3 Be7 34. Kc4 Rb6 35. Ba5 Rb7 36. Bd2 Kf8 37. Rh3 Nxf4 38. Bxf4
Rb4+ 39. Kc3 Rxf4 40. Kxb3 Rg4 41. Nd3 Rxg2 42. Nf4 Rg4 43. Nxe6+ Kf7 44.
Nc7 Bd8 45. e6+ Kf6 46. Re3 Bxc7 47. e7 Rg8 48. e8=N+ Rxe8 49. Rxe8 Bxh2
50. Rf8+ Ke6 51. Rxf5 Kxf5 1/2-1/2

[Event "GCT 2022 - Superbet Chess Classic"]
[Site "Bucarest"]
[Date "13.05.2022"]
[Round "8"]
[White "Mamedyarov, Shakhriyar"]
[Black "Dominguez Perez, Leinier"]
[Result "0-1"]
[WhiteElo "2759"]
[BlackElo "2753"]
[EventDate "2022.05.05"]

1. d4 d5 2. c4 dxc4 3. Nf3 Nf6 4. e3 e6 5. Bxc4 a6 6. O-O c5 7. b3 b5 8.
Be2 Nbd7 9. Bb2 Bb7 10. Nbd2 Be7 11. a4 b4 12. Rc1 Rc8 13. Ne5 cxd4 14.
Rxc8 Qxc8 15. Nxd7 Nxd7 16. Bxd4 O-O 17. Qa1 Bf6 18. Nc4 Qc7 19. Rd1 Bd5
20. Bxf6 Nxf6 21. f3 Nd7 22. e4 Bxc4 23. Bxc4 a5 24. Qd4 Ne5 25. Be2 h6 26.
g3 g5 27. Qe3 Rc8 28. f4 gxf4 29. gxf4 Ng6 30. f5 exf5 31. exf5 Nf4 32. Bc4
Kh7 33. Qf3 Rg8+ 34. Kh1 h5 35. h3 Rg5 36. Rf1 Ng2 37. Qe4 Rg3 38. Rf3 Rxf3
39. Qxf3 Nf4 40. Qe4 Kg7 41. Qd4+ f6 42. Qg1+ Kh6 43. Qg8 Qe5 0-1

[Event "GCT 2022 - Superbet Chess Classic"]
[Site "Bucarest"]
[Date "14.05.2022"]
[Round "9"]
[White "Dominguez Perez, Leinier"]
[Black "So, Wesley"]
[Result "1/2-1/2"]
[WhiteTitle "GM"]
[BlackTitle "GM"]
[WhiteElo "2753"]
[BlackElo "2776"]
[WhiteFideId "3503240"]
[BlackFideId "5202213"]
[EventDate "2022.05.05"]

1. e4 e5 2. Nf3 Nc6 3. Bc4 Bc5 4. c3 Nf6 5. d3 d6 6. O-O a5 7. Re1 O-O 8. h3 h6
9. Nbd2 Be6 10. Bb5 Nd7 11. Nf1 d5 12. Be3 dxe4 13. dxe4 Qf6 14. Qe2 Rfd8 15.
Red1 Bf8 16. Ng3 a4 17. Nh2 Qg6 18. Ng4 Bd6 19. Bc4 Bxc4 20. Qxc4 Qe6 21. Qxe6
fxe6 22. b4 axb3 23. axb3 Na5 24. Rdb1 b5 25. Nf1 b4 26. Ra4 Nc6 27. cxb4 Nxb4
28. Rxa8 Rxa8 29. Bd2 Nc6 30. f3 Nd4 31. b4 Ra2 32. Nge3 Nb6 33. Be1 Ne2+ 34.
Kh2 Nd4 35. Kg1 Ne2+ 36. Kh2 Nd4 1/2-1/2

[Event "GCT 2022 - Superbet Chess Classic"]
[Site "Bucarest"]
[Date "14.05.2022"]
[Round "9"]
[White "Aronian, Levon"]
[Black "Mamedyarov, Shakhriyar"]
[Result "1/2-1/2"]
[WhiteTitle "GM"]
[BlackTitle "GM"]
[WhiteElo "2765"]
[BlackElo "2759"]
[WhiteFideId "13300474"]
[BlackFideId "13401319"]
[EventDate "2022.05.05"]

1. e4 e5 2. Nf3 Nc6 3. Nc3 Nf6 4. Bb5 Bb4 5. O-O O-O 6. Bxc6 dxc6 7. Nxe5 Bxc3
8. dxc3 Nxe4 9. Bf4 Qf6 10. Nd3 Nd6 11. Re1 Bf5 12. Be5 Qh4 13. Qf3 Be4 14. Qg3
Qxg3 15. Bxg3 Bxd3 16. cxd3 Rfe8 17. f3 f6 18. Kf2 Kf7 19. Bxd6 cxd6 20. d4 d5
21. a4 a5 22. h4 h5 23. Rxe8 Rxe8 24. b4 Ra8 25. Rb1 Kg6 26. b5 Rc8 27. bxc6
Rxc6 28. Rxb7 Rxc3 29. Rb5 Rc4 30. Rxd5 Rxa4 31. Kg3 Rb4 32. Rxa5 Rxd4 33. Kh3
Kh6 34. Kg3 Kg6 35. Kh3 Kh6 36. Kg3 Kg6 1/2-1/2

[Event "GCT 2022 - Superbet Chess Classic"]
[Site "Bucarest"]
[Date "14.05.2022"]
[Round "9"]
[White "Firouzja, Alireza"]
[Black "Vachier-Lagrave, Maxime"]
[Result "0-1"]
[WhiteTitle "GM"]
[BlackTitle "GM"]
[WhiteElo "2804"]
[BlackElo "2750"]
[WhiteFideId "12573981"]
[BlackFideId "623539"]
[EventDate "2022.05.05"]

1. d4 Nf6 2. c4 g6 3. Nf3 Bg7 4. g3 c6 5. Bg2 d5 6. O-O O-O 7. Ne5 dxc4 8. Nxc4
Be6 9. b3 Bd5 10. Bb2 Nbd7 11. Nc3 Bxg2 12. Kxg2 b5 13. Nd2 e5 14. dxe5 Nxe5 15.
Nde4 Neg4 16. Nxf6+ Nxf6 17. Qc2 Qe7 18. Rfe1 Qc5 19. Rac1 Rfe8 20. Nd1 Qxc2 21.
Rxc2 Re6 22. Ne3 Rd8 23. Nf1 Nd5 24. Bxg7 Kxg7 25. a3 a5 26. Nd2 b4 27. a4 Re3
28. Rxc6 Rc3 29. Nc4 Rxb3 30. e4 Re8 31. Nd6 Re6 32. Rd1 Nf6 33. e5 Ng4 34. Rc7
Nxe5 35. f4 Rd3 36. Rxd3 Nxd3 37. Rxf7+ Kg8 38. Rd7 b3 39. Rd8+ Kg7 40. Rd7+ Kf8
41. Nc4 b2 42. Nxb2 Nxb2 43. Ra7 Nxa4 44. Rxa5 Nb6 45. g4 Nd7 46. Kg3 Re3+ 47.
Kh4 Nf6 48. Ra8+ Kf7 49. Ra7+ Re7 50. Ra5 Ne4 51. f5 Rd7 52. fxg6+ hxg6 53. Ra4
Re7 54. Ra5 Kf6 55. g5+ Kf7 56. Kg4 Nd6 57. Ra4 Nf5 58. h4 Ng7 59. Kf3 Nh5 60.
Rb4 Rd7 61. Kg4 Rd6 62. Re4 Rd1 63. Ra4 Ke6 64. Ra6+ Rd6 65. Ra4 Ke5 66. Ra3
Rd4+ 67. Kh3 Kf5 68. Ra5+ Ke4 69. Kg4 Ke3+ 70. Kh3 Re4 71. Ra1 Kf2 72. Ra2+ Kf3
73. Ra3+ Re3 74. Ra4 Nf4+ 0-1

[Event "GCT 2022 - Superbet Chess Classic"]
[Site "Bucarest"]
[Date "14.05.2022"]
[Round "9"]
[White "Deac, Bogdan-Daniel"]
[Black "Caruana, Fabiano"]
[Result "1/2-1/2"]
[WhiteTitle "GM"]
[BlackTitle "GM"]
[WhiteElo "2671"]
[BlackElo "2786"]
[WhiteFideId "1226380"]
[BlackFideId "2020009"]
[EventDate "2022.05.05"]

1. d4 d5 2. c4 c6 3. Nf3 Nf6 4. Nc3 dxc4 5. a4 Bf5 6. Ne5 Nbd7 7. Nxc4 Qc7 8. g3
e5 9. dxe5 Nxe5 10. Bf4 Nfd7 11. Bg2 g5 12. Bxe5 Nxe5 13. Qd4 f6 14. O-O-O Be6
15. f4 gxf4 16. gxf4 Rd8 17. Qxd8+ Qxd8 18. Rxd8+ Kxd8 19. fxe5 Bxc4 20. exf6
Kc7 21. Be4 Bh6+ 22. Kc2 Bg5 23. Rf1 Rf8 24. Bxh7 Rxf6 25. Rxf6 Bxf6 26. Bd3 Be6
27. Ne4 Be7 28. Kc3 a5 29. Bc4 Bd7 30. b3 b5 31. Bd3 Kb6 32. Kc2 Bh4 33. Kc3 Be7
34. Bc2 Bg4 35. Kd3 Bd8 36. Ke3 Bc7 37. h4 Bd8 38. Ng5 Be7 39. Bg6 Kc5 40. Be8
bxa4 41. bxa4 Kd5 42. Kd3 c5 43. Bb5 Ke5 44. Ke3 c4 45. Bxc4 Bc5+ 46. Kd3 Bf2
47. Nf7+ Kf6 48. Nd8 Bxh4 49. Nc6 Bd7 50. Bb5 Bxc6 51. Bxc6 Ke5 52. Bf3 Be1 53.
Bc6 Bh4 54. Bf3 Be1 55. Bc6 1/2-1/2

[Event "GCT 2022 - Superbet Chess Classic"]
[Site "Bucarest"]
[Date "14.05.2022"]
[Round "9"]
[White "Rapport, Richard"]
[Black "Nepomniachtchi, Ian"]
[Result "1/2-1/2"]
[WhiteTitle "GM"]
[BlackTitle "GM"]
[WhiteElo "2776"]
[BlackElo "2773"]
[WhiteFideId "738590"]
[BlackFideId "4168119"]
[EventDate "2022.05.05"]

1. d4 Nf6 2. c4 e6 3. Nc3 Bb4 4. Qc2 O-O 5. a3 Bxc3+ 6. Qxc3 d5 7. Bg5 dxc4 8.
Qxc4 b6 9. Rd1 Ba6 10. Qc1 Nbd7 11. Nf3 Rc8 12. e4 Bxf1 13. Kxf1 h6 14. Bh4 Qe8
15. Qc6 Nb8 16. Qxe8 Rfxe8 17. Bxf6 gxf6 18. Rc1 c5 19. dxc5 Nd7 20. c6 Nb8 21.
c7 Na6 22. Nd4 Nc5 23. Nb5 Re7 24. Ke2 a6 25. Rhd1 Kh7 26. Nd6 Rcxc7 27. f4 Nb3
28. Rxc7 Rxc7 29. Kf3 Rd7 30. e5 fxe5 31. fxe5 Nc5 32. Rd4 Nb7 33. Ke3 Nxd6 34.
Rxd6 Rb7 35. b4 Kg6 36. Ke4 a5 37. b5 h5 38. h4 Kg7 39. Kf4 Kg6 40. Ke4 Kg7 41.
Kf4 Kg6 42. Ke4 1/2-1/2